[Event "36th Olympiad"]
[Site "Calvia ESP"]
[Date "2004.10.18"]
[Round "3"]
[White "Kulaots,K"]
[Black "Vaganian,R"]
[Result "0-1"]
[WhiteElo "2597"]
[BlackElo "2640"]
[EventDate "2004.10.15"]

1. e4 e6 2. d4 d5 3. Nc3 Bb4 4. e5 c5 5. a3 Ba5 6. b4 cxd4 7. Qg4 Ne7 8.
bxa5 dxc3 9. Qxg7 Rg8 10. Qxh7 Nbc6 11. f4 Qxa5 12. Nf3 Bd7 13. Rb1 O-O-O
14. Qd3 d4 15. g3 Kb8 16. Bg2 Bc8 17. Ng5 b6 18. Bxc6 Nxc6 19. Nxf7 Ba6 20.
Nxd8 Rxd8 21. Qe4 d3 22. Be3 dxc2 23. Rc1 Qb5 24. Rxc2 Bb7 25. Kf2 Nd4 0-1

[Event "36th Olympiad"]
[Site "Calvia ESP"]
[Date "2004.10.18"]
[Round "3"]
[White "Sargissian,G"]
[Black "Veingold,A"]
[Result "1-0"]
[WhiteElo "2611"]
[BlackElo "2473"]
[EventDate "2004.10.15"]

1. d4 Nf6 2. c4 e6 3. Nc3 Bb4 4. e3 O-O 5. Nge2 d5 6. a3 Be7 7. cxd5 exd5
8. b4 Nbd7 9. Ng3 Re8 10. Bd3 Nb6 11. b5 Bd6 12. O-O Bxg3 13. hxg3 Ne4 14.
Qc2 f5 15. a4 Be6 16. a5 Nd7 17. Ne2 Ndf6 18. f3 g6 19. Ba3 Rc8 20. Qc1 Nd6
21. Bxd6 cxd6 22. Qd2 Re7 23. Rfc1 Rec7 24. Qb4 Rxc1+ 25. Rxc1 Rxc1+ 26.
Nxc1 Qc7 27. Na2 b6 28. axb6 Qxb6 29. Qa4 Bc8 30. Nb4 Bb7 31. Kf2 Kf7 32.
Na2 Ke7 33. Nc3 Kd8 34. Qa2 Ke7 35. Ne2 Kd8 36. Nf4 Ke7 37. Qa1 Kf7 38. Qa2
Ke7 39. Ne2 Kd8 40. Nc3 Qc7 41. Qa3 Qb6 42. Ke1 Ke7 43. Kd2 Kd8 44. Qa2 Ke7
45. Be2 Kd8 46. g4 fxg4 47. fxg4 Ke7 48. Bf3 a6 49. g5 Ne4+ 50. Bxe4 dxe4
51. bxa6 Qxa6 52. Nd5+ Kf7 53. Qxa6 Bxa6 54. Nf6 Ke6 55. Nxh7 Kf5 56. Ke1
Bb7 57. Kd2 Kg4 58. Kc3 Bc6 59. d5 Ba8 60. Kd4 Kf5 61. Nf6 Kxg5 62. Nxe4+
Kg4 63. Nxd6 Kg3 64. e4 1-0

[Event "36th Olympiad"]
[Site "Calvia ESP"]
[Date "2004.10.18"]
[Round "3"]
[White "Kanep,M"]
[Black "Minasian,Art"]
[Result "1/2-1/2"]
[WhiteElo "2475"]
[BlackElo "2584"]
[EventDate "2004.10.15"]

1. d4 Nf6 2. Nf3 g6 3. c4 Bg7 4. Nc3 O-O 5. e4 d6 6. Be2 c5 7. d5 e6 8. O-O
exd5 9. exd5 Bg4 10. h3 Bxf3 11. Bxf3 Nbd7 12. Bf4 Ne8 13. Qd2 f5 14. Rfe1
Ne5 15. Be2 a6 16. Bf1 Rc8 17. Bg5 Nf6 18. f4 Nf7 19. Bh4 Ne4 20. Nxe4 Qxh4
21. g3 Qd8 22. Nc3 Qd7 23. Re6 Rce8 24. Rae1 Nd8 25. R6e2 Rxe2 26. Qxe2 Kf7
27. Kg2 Re8 28. Qxe8+ Qxe8 29. Rxe8 Kxe8 30. Nd1 Nf7 31. Bd3 Ke7 32. Kf3
Bd4 33. b3 Kf6 1/2-1/2

[Event "36th Olympiad"]
[Site "Calvia ESP"]
[Date "2004.10.19"]
[Round "4"]
[White "Ibraev,N"]
[Black "Kulaots,K"]
[Result "1/2-1/2"]
[WhiteElo "2476"]
[BlackElo "2597"]
[EventDate "2004.10.15"]

1. e4 c5 2. Nf3 d6 3. d4 cxd4 4. Nxd4 Nf6 5. Nc3 a6 6. Bg5 e6 7. f4 Nbd7 8.
Qf3 Qc7 9. O-O-O b5 10. Bd3 Bb7 11. Rhe1 Qb6 12. Nd5 Qxd4 13. Bxf6 gxf6 14.
Bxb5 Qc5 15. Nxf6+ Ke7 16. Bxd7 Bg7 17. Nh5 Bxb2+ 18. Kxb2 Kxd7 19. Re3
Rhc8 20. Rc3 Qxc3+ 21. Qxc3 Rxc3 22. Kxc3 Rc8+ 23. Kd3 f5 24. exf5 exf5 25.
Ng3 Rc5 26. Rd2 Rd5+ 27. Ke3 Rxd2 28. Kxd2 Ke6 29. Ke3 Bxg2 30. Kd4 Bc6 31.
c4 Kf6 32. a3 Kg6 33. Kc3 Bd7 34. Kd4 Be6 35. c5 dxc5+ 36. Kxc5 Bb3 37. Kd6
Bc2 38. Ke5 Bd3 39. h4 Bb1 40. Ke6 1/2-1/2

[Event "36th Olympiad"]
[Site "Calvia ESP"]
[Date "2004.10.19"]
[Round "4"]
[White "Sepp,O"]
[Black "Gnusarev,P"]
[Result "1/2-1/2"]
[WhiteElo "2455"]
[BlackElo "2357"]
[EventDate "2004.10.15"]

1. e4 c5 2. Nf3 Nc6 3. Bb5 g6 4. O-O Bg7 5. Re1 Qb6 6. Na3 Nf6 7. c3 O-O 8.
e5 Ne8 9. d4 cxd4 10. cxd4 d5 11. exd6 Nxd6 12. Bxc6 bxc6 13. Rxe7 Bg4 14.
Re1 Rfe8 15. Bf4 Rxe1+ 16. Qxe1 Bxf3 17. Bxd6 Bd5 18. b3 Qxd4 19. Rd1 Qg4
20. Bg3 Bc3 21. h3 Qh5 22. Qf1 Re8 23. Nc4 Re2 24. Ne3 Rxa2 25. Qd3 Bg7
1/2-1/2

[Event "36th Olympiad"]
[Site "Calvia ESP"]
[Date "2004.10.20"]
[Round "5"]
[White "Ghaem Maghami,E"]
[Black "Kulaots,K"]
[Result "1/2-1/2"]
[WhiteElo "2558"]
[BlackElo "2597"]
[EventDate "2004.10.15"]

1. c4 Nf6 2. Nf3 c6 3. d4 d5 4. e3 a6 5. Bd3 Bg4 6. Nbd2 e6 7. Qb3 Qc7 8.
Qc2 Nbd7 9. b3 Bd6 10. c5 Be7 11. Bb2 Bh5 12. O-O Bg6 13. b4 Bxd3 14. Qxd3
O-O 15. Rfc1 b6 1/2-1/2

[Event "36th Olympiad"]
[Site "Calvia ESP"]
[Date "2004.10.20"]
[Round "5"]
[White "Veingold,A"]
[Black "Moradiabadi,E"]
[Result "1-0"]
[WhiteElo "2473"]
[BlackElo "2445"]
[EventDate "2004.10.15"]

1. d4 Nf6 2. Nf3 g6 3. c4 Bg7 4. Nc3 O-O 5. e4 d6 6. Be2 e5 7. O-O Na6 8.
Re1 Qe8 9. Bg5 Bg4 10. h3 Bxf3 11. Bxf3 Nd7 12. Be3 exd4 13. Bxd4 Bxd4 14.
Qxd4 Qe5 15. Qd2 Nf6 16. Rad1 Rad8 17. g3 c6 18. Bg2 Nc7 19. b4 Qe7 20. Re3
Nfe8 21. c5 a5 22. a3 axb4 23. axb4 Na6 24. Ne2 b6 25. cxb6 Rb8 26. b5 cxb5
27. Nf4 Nc5 28. Nd5 Qd8 29. e5 dxe5 30. Rxe5 Ne6 31. Qb4 Kg7 32. Nc3 Qc8
33. Rxb5 Nf6 34. b7 Qc7 35. Nd5 Qc2 36. Ne3 Qc7 37. Qb2 Qe7 38. Nd5 Qd8 39.
Rd3 Nc7 40. Nf4 Qe8 41. Nh5+ 1-0

[Event "36th Olympiad"]
[Site "Calvia ESP"]
[Date "2004.10.20"]
[Round "5"]
[White "Mallahi,A"]
[Black "Sepp,O"]
[Result "1/2-1/2"]
[WhiteElo "2383"]
[BlackElo "2455"]
[EventDate "2004.10.15"]

1. e4 e5 2. Nc3 Nf6 3. f4 d5 4. fxe5 Nxe4 5. Qe2 Nxc3 6. dxc3 c5 7. Bf4 Nc6
8. O-O-O Be6 9. Kb1 Qa5 10. Nh3 h6 11. Bd2 Qc7 12. Nf4 O-O-O 13. Nxe6 fxe6
14. g3 Re8 15. Qh5 Be7 16. Bh3 Bg5 17. Bf4 Kb8 18. Rhe1 Bxf4 19. gxf4 g5
20. f5 exf5 21. Rxd5 Rxe5 22. Rexe5 Nxe5 23. Bxf5 Rf8 24. b3 a6 25. Be4
1/2-1/2

[Event "36th Olympiad"]
[Site "Calvia ESP"]
[Date "2004.10.20"]
[Round "6"]
[White "Ehlvest,J"]
[Black "Mitkov,N"]
[Result "1/2-1/2"]
[WhiteElo "2631"]
[BlackElo "2539"]
[EventDate "2004.10.15"]

1. e4 e5 2. Nf3 Nc6 3. Bb5 Nf6 4. O-O Nxe4 5. d4 Nd6 6. Bxc6 dxc6 7. dxe5
Nf5 8. Qxd8+ Kxd8 9. Nc3 Ne7 10. h3 Bf5 11. Rd1+ Kc8 12. Rd2 h6 13. b3 b6
14. Bb2 Kb7 15. Rad1 Ng6 16. Ne2 a5 17. Ng3 Be6 18. Nh5 c5 19. a4 Rg8 20.
c4 Be7 21. g4 Rae8 22. Kg2 Nf8 23. Ng1 g6 24. Nf6 Bxf6 25. exf6 g5 26. Ne2
Ng6 27. Ng3 Nf4+ 28. Kh2 h5 29. Nxh5 Nxh5 30. gxh5 Rh8 31. Kg2 Rxh5 32. Rh1
Reh8 33. Re2 R8h7 34. Re3 Rh4 35. Rxe6 fxe6 36. Re1 Kc8 37. Rxe6 Kd7 38.
Re5 g4 39. hxg4 Rxg4+ 40. Kf3 Rgh4 41. Re2 Rh3+ 42. Kg4 Rxb3 43. f4 Rbh3
44. Kf5 R3h5+ 45. Kg6 R5h6+ 46. Kg5 Rh5+ 47. Kg6 R5h6+ 48. Kg5 1/2-1/2

[Event "36th Olympiad"]
[Site "Calvia ESP"]
[Date "2004.10.20"]
[Round "6"]
[White "Veingold,A"]
[Black "Bogdanovski,V"]
[Result "1/2-1/2"]
[WhiteElo "2473"]
[BlackElo "2443"]
[EventDate "2004.10.15"]

1. d4 Nf6 2. Nf3 e6 3. c4 Bb4+ 4. Bd2 c5 5. Bxb4 cxb4 6. g3 O-O 7. Bg2 d6
8. O-O Nc6 9. Nbd2 e5 10. d5 Nb8 11. Qc2 Na6 12. Ne1 Nd7 13. Nd3 Ndc5 14.
Nxc5 Nxc5 15. e4 Bd7 16. f4 f6 17. fxe5 fxe5 18. Rxf8+ Qxf8 19. Nb3 Ba4 20.
Rf1 Qe7 21. Qd2 Bxb3 22. axb3 a5 23. Qe3 h6 24. h4 Rf8 25. Ra1 b6 26. Bh3
Kh7 27. Re1 h5 28. Kh2 g6 29. Kg1 Qg7 30. Bg2 Qh6 31. Bf3 a4 32. bxa4 Nxa4
33. Qe2 Rf7 34. Bg2 Nc5 35. Ra1 Nb3 36. Rd1 Nd4 37. Qd3 Qf8 38. Ra1 Kg7 39.
Rf1 Rxf1+ 40. Bxf1 Nf3+ 41. Kh1 Ne1 42. Qe2 Qf3+ 43. Qxf3 Nxf3 44. Kg2 Nd2
45. Bd3 g5 46. Kf2 g4 47. Ke3 Nb3 48. Bc2 Nc5 49. b3 Kf7 50. Bd1 Ke7 51.
Bc2 Kd8 52. Bd1 Kc7 53. Bc2 b5 54. cxb5 Kb6 55. Bd1 Kxb5 56. Be2+ Kb6 57.
Bd1 Nd7 58. Be2 Nb8 59. Bd3 Kc5 60. Be2 1/2-1/2

[Event "36th Olympiad"]
[Site "Calvia ESP"]
[Date "2004.10.20"]
[Round "6"]
[White "Stanojoski,Z"]
[Black "Kanep,M"]
[Result "1/2-1/2"]
[WhiteElo "2506"]
[BlackElo "2475"]
[EventDate "2004.10.15"]

1. c4 e6 2. g3 d5 3. Bg2 Nf6 4. Nf3 Be7 5. O-O O-O 6. d4 dxc4 7. Ne5 Nbd7
8. Nxc4 c5 9. dxc5 Nxc5 10. Nc3 Na6 11. Bf4 Nh5 12. Be5 f6 13. Bd6 Bxd6 14.
Qxd6 Qc7 15. Qxc7 Nxc7 16. Nd6 Rb8 17. Rfd1 f5 18. Rac1 Nf6 19. e4 fxe4 20.
Ncxe4 Nfd5 21. Bh3 Bd7 22. Nc5 Bc6 23. Nxe6 Rf6 24. Nxc7 Nxc7 25. Bg2 Bxg2
26. Kxg2 Ne6 27. Rc8+ Rxc8 28. Nxc8 Rf8 29. Nd6 Rd8 30. Rd2 Kf8 31. f4 g6
32. Ne4 Rc8 33. Nf6 h5 34. Nd7+ Ke7 35. Ne5 Nf8 36. Kf3 Rc1 37. Nd3 Rf1+
38. Ke3 Nd7 39. Rc2 Kd6 40. Rc1 Rxc1 41. Nxc1 Kd5 42. h3 a5 43. Ne2 b5 44.
Nc3+ Kc4 45. Ne4 a4 46. g4 hxg4 47. hxg4 Kd5 48. f5 gxf5 49. gxf5 Ne5 50.
Nc3+ Kc4 51. Ke4 Nf7 52. f6 a3 53. Nd1 axb2 54. Nxb2+ Kb4 55. Nd3+ Ka3 56.
Ne5 Ng5+ 57. Kf5 Nh7 58. f7 Kxa2 59. Kg6 Nf8+ 60. Kg7 Ne6+ 61. Kf6 Nf8 62.
Ng6 Nh7+ 63. Kg7 Ng5 64. f8=Q Ne6+ 65. Kf7 Nxf8 66. Kxf8 b4 67. Ne5 b3 68.
Nc4 b2 69. Nxb2 Kxb2 1/2-1/2

[Event "36th Olympiad"]
[Site "Calvia ESP"]
[Date "2004.10.22"]
[Round "7"]
[White "Ehlvest,J"]
[Black "Morovic Fernandez,I"]
[Result "1/2-1/2"]
[WhiteElo "2631"]
[BlackElo "2564"]
[EventDate "2004.10.15"]

1. d4 d5 2. c4 c6 3. Nf3 Nf6 4. Nc3 dxc4 5. a4 e6 6. e3 c5 7. Bxc4 Nc6 8.
O-O cxd4 9. exd4 Be7 10. Bg5 O-O 11. Re1 Bd7 12. Qe2 Re8 13. Rad1 Nd5 14.
Bxd5 exd5 15. Bxe7 Rxe7 16. Ne5 Nb4 17. Qd2 1/2-1/2

[Event "36th Olympiad"]
[Site "Calvia ESP"]
[Date "2004.10.22"]
[Round "7"]
[White "Kanep,M"]
[Black "Castellanos,R"]
[Result "1-0"]
[WhiteElo "2475"]
[BlackElo "2449"]
[EventDate "2004.10.15"]

1. e4 c5 2. Nf3 d6 3. d4 cxd4 4. Nxd4 Nf6 5. Nc3 a6 6. Be2 e5 7. Nb3 Be7 8.
O-O O-O 9. Kh1 b6 10. f4 Bb7 11. Bf3 Nbd7 12. Qe1 Rc8 13. Be3 Re8 14. Rd1
b5 15. a3 Qc7 16. Qg3 Bf8 17. fxe5 dxe5 18. Rf2 Nc5 19. Nxc5 Bxc5 20. Bh6
Bf8 21. Bg5 Be7 22. Bxf6 Bxf6 23. Bg4 Rcd8 24. Rxf6 gxf6 25. Rf1 Kh8 26.
Qh4 Rg8 27. h3 Rd6 28. Bf5 Rg7 29. Rf3 Qc5 30. Kh2 Rd2 31. Bg4 Rg6 32. Qe1
Qd6 33. Rf2 Rd4 34. Bf5 Bc6 35. Qe3 Kg7 36. Ne2 Rd2 37. Bxg6 hxg6 38. Ng3
Rd4 39. c3 Rd3 40. Qe2 Bd7 41. Nf1 f5 42. exf5 Bxf5 43. Ne3 Be6 44. g3 f5
45. Kg1 e4 46. Kh2 Bc4 47. Qe1 Bb3 48. h4 Qc5 49. Re2 Qe5 50. Qf2 Bc4 51.
Kg2 Rd6 52. Rd2 Bd3 53. Qf4 Qxf4 54. gxf4 Kf6 55. Kf2 Rd7 56. Rd1 Rh7 57.
Kg3 Ke6 58. Rh1 Rh5 59. Rd1 a5 60. Ng2 Kd5 61. Ne3+ Kc5 62. Rc1 b4 63.
axb4+ axb4 64. cxb4+ Kd4 65. Nc2+ Bxc2 66. Rxc2 Kd3 67. Rc6 Rh7 68. Rd6+
Kc2 69. b5 e3 70. Kf3 Re7 71. Ke2 Re4 72. Rxg6 Rxf4 73. h5 Rh4 74. b6 f4
75. b7 Rh2+ 76. Kf3 Rf2+ 77. Kg4 Rg2+ 78. Kxf4 Rxg6 79. b8=Q e2 80. Qc8+
Kb1 81. Qf5+ Kc1 82. Qc5+ Kb1 83. Qe3 1-0

[Event "36th Olympiad"]
[Site "Calvia ESP"]
[Date "2004.10.22"]
[Round "7"]
[White "Rojas,L"]
[Black "Sepp,O"]
[Result "0-1"]
[WhiteElo "2385"]
[BlackElo "2455"]
[EventDate "2004.10.15"]

1. e4 e5 2. Nf3 Nc6 3. d4 exd4 4. Nxd4 Nf6 5. Nxc6 bxc6 6. e5 Qe7 7. Qe2
Nd5 8. c4 Nb6 9. Nc3 Bb7 10. Bd2 O-O-O 11. O-O-O f6 12. f4 fxe5 13. fxe5
Qe6 14. Bf4 Ba6 15. b3 Ba3+ 16. Kc2 Rhf8 17. Bg3 Rde8 18. Qe4 g6 19. Be2
Kb8 20. Bg4 Qe7 21. Bf3 Bb4 22. Qe3 Bc5 23. Qd3 Qg7 24. Ne4 Nd5 25. Kb1 Bb4
26. Qd4 Nb6 27. Nf6 Rxf6 28. exf6 Qf8 29. Qf4 Rc8 30. f7 Bc3 31. Rd3 Bh8
32. Be1 d5 33. Bg4 dxc4 34. Bxc8 Bxc8 35. Bb4 Qg7 36. Bc3 Qf8 37. Bxh8 Bf5
38. Bb2 Qxf7 39. Ka1 cxd3 40. g4 Qd5 41. Re1 d2 42. Rd1 Bc2 0-1

[Event "36th Olympiad"]
[Site "Calvia ESP"]
[Date "2004.10.23"]
[Round "8"]
[White "Kulaots,K"]
[Black "Ftacnik,L"]
[Result "1/2-1/2"]
[WhiteElo "2597"]
[BlackElo "2533"]
[EventDate "2004.10.15"]

1. e4 d6 2. d4 Nf6 3. Nc3 g6 4. Nf3 Bg7 5. Be3 O-O 6. Qd2 a6 7. Bh6 b5 8.
Bxg7 Kxg7 9. Bd3 Nc6 10. d5 Ne5 11. Nxe5 1/2-1/2

[Event "36th Olympiad"]
[Site "Calvia ESP"]
[Date "2004.10.24"]
[Round "9"]
[White "Kulaots,K"]
[Black "Oral,T"]
[Result "1/2-1/2"]
[WhiteElo "2597"]
[BlackElo "2565"]
[EventDate "2004.10.15"]

1. e4 c5 2. Nf3 Nc6 3. d4 cxd4 4. Nxd4 Qc7 5. Nc3 e6 6. Be3 a6 7. Qd2 Nf6
8. O-O-O b5 9. Bf4 Qb6 10. e5 Qxd4 11. Qxd4 Nxd4 12. Rxd4 Ng4 13. Be2 Bc5
14. Rd2 Nxf2 15. Bf3 Nxh1 16. Bxa8 Nf2 17. Bf3 h5 18. Re2 Bd4 19. h3 h4 20.
Re1 f5 21. exf6 gxf6 22. Bh2 Kf7 23. Ne2 Be3+ 24. Kb1 d5 25. Bg1 Bc5 26. b4
Bxb4 27. Bxf2 Bxe1 28. Bxe1 Bb7 29. Nf4 e5 30. Bxd5+ Bxd5 31. Nxd5 f5 32.
Ne3 Ke6 33. Kc1 e4 34. Kd2 f4 35. Ng4 Kf5 36. Ke2 Rc8 37. Kd2 b4 38. Bxh4
e3+ 39. Kc1 a5 40. Be1 Rd8 41. Nh2 Ke4 42. Ng4 Kf5 43. Nh2 Ke4 44. Ng4 Kd4
1/2-1/2

[Event "36th Olympiad"]
[Site "Calvia ESP"]
[Date "2004.10.24"]
[Round "9"]
[White "Kanep,M"]
[Black "Haba,P"]
[Result "1/2-1/2"]
[WhiteElo "2475"]
[BlackElo "2520"]
[EventDate "2004.10.15"]

1. d4 d5 2. c4 c6 3. Nf3 Nf6 4. e3 Bf5 5. Nc3 e6 6. Nh4 Be4 7. f3 Bg6 8.
Qb3 Qc7 9. Bd2 Be7 10. cxd5 exd5 11. O-O-O Qb6 12. Nxg6 Qxb3 13. axb3 hxg6
14. Be2 Nbd7 15. e4 Nf8 16. exd5 Nxd5 17. Nxd5 cxd5 18. Bb5+ Kd8 19. Ba5+
b6 20. Bc3 Kc7 21. Ba6 Ne6 22. Kb1 Rad8 23. Be1 1/2-1/2

[Event "36th Olympiad"]
[Site "Calvia ESP"]
[Date "2004.10.25"]
[Round "10"]
[White "Ehlvest,J"]
[Black "Paragua,M"]
[Result "1-0"]
[WhiteElo "2631"]
[BlackElo "2534"]
[EventDate "2004.10.15"]

1. d4 d5 2. c4 c6 3. Nf3 Nf6 4. Nc3 a6 5. a4 e6 6. Bg5 Nbd7 7. e3 Qa5 8.
cxd5 Nxd5 9. e4 Nxc3 10. bxc3 Nf6 11. Bd3 Qxc3+ 12. Ke2 Qa5 13. Qc2 Be7 14.
Rhe1 h6 15. Bd2 Qh5 16. e5 Ng4 17. Rh1 c5 18. h3 Bd7 19. hxg4 Qxg4 20. Be4
cxd4 21. Bxb7 Rb8 22. Qe4 f5 23. exf6 Qxe4+ 24. Bxe4 Bxf6 25. Rab1 O-O 26.
a5 e5 27. Rxb8 Rxb8 28. Rc1 Rb2 29. Rc5 Bb5+ 30. Kd1 Ba4+ 31. Ke1 Rb5 32.
Rc8+ Kf7 33. Rc7+ Kg8 34. Rc4 Bb3 35. Rc8+ Kf7 36. Bd3 Rb7 37. Bxa6 Ra7 38.
Bc4+ Bxc4 39. Rxc4 Ke6 40. Bb4 e4 41. Nd2 Kf5 42. Rc5+ Kf4 43. Rd5 e3 44.
Bd6+ Kg4 45. f3+ 1-0

[Event "36th Olympiad"]
[Site "Calvia ESP"]
[Date "2004.10.25"]
[Round "10"]
[White "Gonzales,Jay"]
[Black "Veingold,A"]
[Result "1/2-1/2"]
[WhiteElo "2422"]
[BlackElo "2473"]
[EventDate "2004.10.15"]

1. Nf3 Nf6 2. c4 e6 3. Nc3 Bb4 4. Qc2 O-O 5. a3 Bxc3 6. Qxc3 a5 7. b3 d6 8.
Bb2 b6 9. e3 e5 10. Be2 c5 11. O-O Nc6 12. d4 cxd4 13. exd4 e4 14. Nd2 d5
15. cxd5 Ne7 16. d6 Qxd6 17. Nc4 Qe6 18. d5 Nexd5 19. Qg3 Ba6 20. Rad1 Rfd8
21. Rfe1 Ne7 22. a4 Ng6 23. h3 h6 24. Bf1 Nd5 25. f3 e3 26. Nxe3 Nxe3 27.
Rxd8+ Rxd8 28. Bxa6 Qxb3 29. Bc1 Rd1 30. f4 Rxe1+ 31. Qxe1 Nf5 32. Bb5 Nd6
33. Bd7 Nf8 34. Bc6 Qc4 35. Bf3 Ne6 36. Be3 Qxa4 37. Bxb6 Qxf4 38. Bxa5 Ng5
39. Ba8 Qd4+ 40. Kh2 Nge4 41. Qb4 Qe5+ 42. Kg1 f5 43. Bc6 Kh7 44. Bc7 Qa1+
45. Kh2 Qc1 46. Bxd6 Qxc6 47. Be5 Qe6 48. Qb2 Qe7 49. Qd4 Ng5 50. Qf4 Qf7
51. Bb2 Ne6 52. Qe5 Qc7 53. Qxc7 Nxc7 54. Kg3 Nd5 55. Kf3 g6 56. Be5 Kg8
57. Bb2 Kf7 58. Bc1 h5 59. Bb2 g5 60. g4 Kg6 61. Bc1 Nf6 62. gxf5+ Kxf5 63.
Ba3 Nd5 64. Bd6 h4 65. Kg2 Ke4 66. Bc5 Nc7 67. Kf2 Nd5 68. Kg2 Nf4+ 69. Kh2
Kf3 70. Be7 Ne6 71. Bf6 Kf2 72. Be5 Kf1 73. Bf6 Kf2 74. Be5 Ke2 75. Bf6 Kf3
76. Be7 Ke4 77. Bf6 Nd4 78. Kg2 Nf3 79. Bd8 Ne1+ 80. Kf1 1/2-1/2

[Event "36th Olympiad"]
[Site "Calvia ESP"]
[Date "2004.10.25"]
[Round "10"]
[White "Sepp,O"]
[Black "Senador,E"]
[Result "1-0"]
[WhiteElo "2455"]
[BlackElo "2432"]
[EventDate "2004.10.15"]

1. e4 c5 2. Nf3 g6 3. d4 Bg7 4. c4 cxd4 5. Nxd4 Nc6 6. Be3 Nf6 7. Nc3 d6 8.
Be2 O-O 9. O-O Nxd4 10. Bxd4 Be6 11. Qd2 Qa5 12. Rfd1 Rfc8 13. b3 Kh8 14.
Rac1 a6 15. Qb2 Qg5 16. g3 Qh6 17. h4 g5 18. e5 dxe5 19. Be3 Qg6 20. Bxg5
e4 21. Qd2 Rc5 22. Qe3 Rac8 23. Rd8+ Rxd8 24. Qxc5 h6 25. Bf4 Rd7 26. Rd1
Kh7 27. Rxd7 Nxd7 28. Qe3 f5 29. Nd5 Bxd5 30. cxd5 e5 31. dxe6 Qxe6 32. Bc4
Qc6 33. Qd2 Nb6 34. Bf7 Qf6 35. Be8 Qe7 36. Bh5 Qe6 37. Qd6 Qxd6 38. Bxd6
Bd4 39. Kf1 Kg7 40. g4 Nc8 41. Bb4 f4 42. g5 hxg5 43. hxg5 Nb6 44. Bd6 Nd5
45. Bg4 b6 46. Be6 Nc3 47. Bxf4 Nxa2 48. Bf5 Nc3 49. Bd2 Nd1 50. Be1 Nc3
51. Kg2 b5 52. Kg3 a5 53. Bxc3 Bxc3 54. Bxe4 Be1 55. Kf3 a4 56. Ke2 Bc3 57.
bxa4 bxa4 58. f4 a3 59. Bb1 Bb2 60. Kf3 Bc1 61. Kg4 Bd2 62. Ba2 Bc1 63. f5
Bb2 64. Kf4 Bc1+ 65. Kg4 Bb2 66. Kf3 Bc3 67. Ke3 Bb2 68. Kf3 Bc3 69. Bd5
Bb2 70. Bc4 Bc3 71. Ke3 Bb2 72. Kf3 Bc3 73. Be6 a2 74. Bxa2 Bb2 75. Bb1 Bc3
76. Be4 Bb2 77. Bc6 Bc3 78. Be8 Bb2 79. Bh5 Bc3 80. Ke4 Bb2 81. Kd5 Kf8 82.
f6 Kg8 83. Ke6 Bc1 84. g6 Bh6 85. Ke7 Bf8+ 86. Ke8 Bh6 87. Be2 Kh8 88. Kf7
1-0

[Event "36th Olympiad"]
[Site "Calvia ESP"]
[Date "2004.10.25"]
[Round "10"]
[White "Laylo,D"]
[Black "Seeman,T"]
[Result "1/2-1/2"]
[WhiteElo "2328"]
[BlackElo "2421"]
[EventDate "2004.10.15"]

1. d4 Nf6 2. c4 g6 3. Nc3 Bg7 4. g3 O-O 5. Bg2 d6 6. e4 e5 7. Nge2 Nbd7 8.
O-O exd4 9. Nxd4 Re8 10. h3 Nc5 11. Re1 h6 12. Rb1 a5 13. b3 Nh7 14. Be3
Ng5 15. Bxg5 hxg5 16. Qd2 c6 17. Rbd1 Bd7 18. Nde2 Bf8 19. Nc1 Be6 20. Nd3
Nxd3 21. Qxd3 Qb6 22. Qe3 Qxe3 23. Rxe3 Kg7 24. Na4 Be7 25. Red3 Rh8 26. g4
Rab8 27. Bf1 Rhe8 28. Re3 Red8 29. Red3 Kf6 30. Rf3+ Kg7 31. Rfd3 Re8 32.
Re3 Bf8 33. Bd3 Kf6 34. Bb1 Red8 35. Nb6 Bg7 36. Kg2 Ke7 37. Red3 Be5 38.
Na4 b6 39. Nc3 Bxc3 40. Rxc3 Kf6 41. a3 Ke5 42. Kg3 Rdc8 43. Rcd3 b5 44.
cxb5 Rxb5 45. Bc2 Rc5 46. R1d2 Rb8 47. Bd1 Rc1 48. h4 gxh4+ 49. Kxh4 Rxd1
50. f4+ Kxf4 51. Rf2+ Ke5 52. Rxd1 Rxb3 53. Rfd2 Rxa3 54. Rxd6 Ra4 55. Rxc6
Rxe4 56. Rc5+ Kf6 57. Rf1+ Kg7 58. Rg1 a4 59. Ra5 Kh6 60. Kh3 Kg7 61. Rg3
Kf6 62. Kh4 Rb4 63. Rf3+ Ke7 64. Rg3 Kf6 65. Rf3+ Kg7 66. Rg3 Kh6 67. Kh3
Rd4 68. Rg1 Kg7 69. Kh4 Kf6 70. Rf1+ Ke7 71. Rg1 Kd6 72. Ra6+ Kc5 73. Kg5
Kb5 74. Rxe6 fxe6 75. Kxg6 Rf4 76. Kg5 Rf3 77. Re1 a3 78. Rxe6 a2 79. Re1
Kb4 80. Kh6 Rb3 81. Ra1 Ka3 1/2-1/2

[Event "36th Olympiad"]
[Site "Calvia ESP"]
[Date "2004.10.26"]
[Round "11"]
[White "Kanep,M"]
[Black "Mihalcisin,A"]
[Result "1/2-1/2"]
[WhiteElo "2475"]
[BlackElo "2512"]
[EventDate "2004.10.15"]

1. d4 d5 2. c4 dxc4 3. e4 e5 4. Nf3 exd4 5. Bxc4 Nc6 6. O-O Be6 7. Bb5 Bc5
8. b4 Bb6 9. Bb2 Nge7 10. Bxd4 O-O 11. Bc5 Bxc5 12. bxc5 a6 13. Bxc6 Nxc6
14. Nc3 Bc4 15. Re1 Qe7 16. Rc1 Qxc5 17. Nd5 b5 18. Nd2 Ne5 19. Nxc4 Nxc4
20. Qc2 Qd6 21. Ne3 1/2-1/2

[Event "36th Olympiad"]
[Site "Calvia ESP"]
[Date "2004.10.26"]
[Round "11"]
[White "Pavasovic,D"]
[Black "Sepp,O"]
[Result "1-0"]
[WhiteElo "2581"]
[BlackElo "2455"]
[EventDate "2004.10.15"]

1. e4 e5 2. Nf3 Nc6 3. d4 exd4 4. Nxd4 Nf6 5. Nxc6 bxc6 6. e5 Qe7 7. Qe2
Nd5 8. c4 Ba6 9. b3 g6 10. f4 f6 11. exf6 Qxe2+ 12. Bxe2 Bb4+ 13. Bd2 Bxd2+
14. Nxd2 Nxf4 15. Rf1 Nxe2 16. Kxe2 Kf7 17. Kd3 Rae8 18. g4 h6 19. h4 Re6
20. g5 hxg5 21. hxg5 Rh2 22. Rad1 Rg2 23. Nf3 c5 24. Rde1 Rd6+ 25. Kc3 Kf8
26. Rh1 1-0

[Event "36th Olympiad"]
[Site "Calvia ESP"]
[Date "2004.10.16"]
[Round "12"]
[White "Ehlvest,J"]
[Black "San Segundo Carrillo,P"]
[Result "1-0"]
[WhiteElo "2631"]
[BlackElo "2516"]
[EventDate "2004.10.15"]

1. d4 Nf6 2. c4 e6 3. g3 d5 4. Bg2 dxc4 5. Nf3 Nc6 6. Qa4 Bb4+ 7. Bd2 Nd5
8. Bxb4 Ndxb4 9. a3 b5 10. Qxb5 Nc2+ 11. Kf1 Nxa1 12. Ne5 O-O 13. Bxc6 f6
14. Nf3 e5 15. Qxc4+ Kh8 16. Kg2 Rb8 17. Nbd2 Rxb2 18. Rxa1 exd4 19. Nb3 d3
20. exd3 Qd6 21. Nfd4 Qe5 22. Qc1 Bh3+ 23. Kg1 Re8 24. Bxe8 1-0

[Event "36th Olympiad"]
[Site "Calvia ESP"]
[Date "2004.10.16"]
[Round "12"]
[White "Perez Candelario,Man"]
[Black "Kulaots,K"]
[Result "0-1"]
[WhiteElo "2474"]
[BlackElo "2597"]
[EventDate "2004.10.15"]

1. e4 c5 2. Nf3 d6 3. d4 cxd4 4. Nxd4 Nf6 5. Nc3 a6 6. Bc4 e6 7. Bb3 b5 8.
Bg5 Be7 9. Qf3 Qb6 10. O-O-O Nbd7 11. Be3 Qb7 12. Qg3 Nc5 13. Rhe1 Bd7 14.
Kb1 Nxb3 15. Nxb3 b4 16. Ne2 Qxe4 17. Nf4 e5 18. Bd2 Qf5 19. Nd3 a5 20.
Qxg7 Rg8 21. Qh6 Rxg2 22. Qe3 Nd5 23. Qe2 Bb5 24. Qf1 Bxd3 25. Qxg2 Bxc2+
26. Ka1 Bxd1 27. Rxd1 e4 28. Qg8+ Bf8 29. Bh6 Ke7 30. Nd4 Qg6 31. Qh8 Qh5
32. Re1 Rc8 33. Bxf8+ Rxf8 34. Nc6+ Ke8 35. Qd4 Kd7 36. Nxa5 Qe5 37. Qc4
Rc8 38. Qb5+ Ke6 39. Nc6 Qf4 40. Qc4 Kd7 41. Qxd5 Rxc6 42. Qb5 Qd2 43. Rb1
d5 44. Qf1 Kd6 45. Qb5 Rc1 46. Qb8+ Kd7 47. a3 bxa3 48. Qa7+ Ke6 49. Qxa3
Rxb1+ 50. Kxb1 Qxf2 51. Qa7 Qxa7 0-1

[Event "36th Olympiad"]
[Site "Calvia ESP"]
[Date "2004.10.16"]
[Round "12"]
[White "Alcazar Jimenez,V"]
[Black "Sepp,O"]
[Result "1-0"]
[WhiteElo "2412"]
[BlackElo "2455"]
[EventDate "2004.10.15"]

1. e4 e5 2. Nf3 Nc6 3. Bc4 Nf6 4. d4 exd4 5. Ng5 Ne5 6. Qxd4 Nxc4 7. Qxc4
d5 8. exd5 Qxd5 9. Qe2+ Be7 10. O-O h6 11. Rd1 Qc6 12. Re1 Qd7 13. Nf3 Qe6
14. Qb5+ c6 15. Qa4 Qd7 16. Bf4 O-O 17. Nc3 Bc5 18. Rad1 Qg4 19. h3 Qg6 20.
Nh4 Qh7 21. Be5 b5 22. Qf4 Nd7 23. Bd6 Bxd6 24. Rxd6 Nb6 25. Rxc6 Qxc2 26.
Qg3 Qd2 27. Re4 Qg5 28. Rxc8 Raxc8 29. Rg4 Qf6 30. Ne4 Qxb2 31. Nf5 Kh8 32.
Rxg7 Rg8 33. Nc3 b4 34. Qe5 Qxc3 35. Rg6+ Rg7 36. Rxh6+ Kg8 37. Ne7+ 1-0

[Event "36th Olympiad"]
[Site "Calvia ESP"]
[Date "2004.10.28"]
[Round "13"]
[White "Veingold,A"]
[Black "Agdestein,S"]
[Result "1/2-1/2"]
[WhiteElo "2473"]
[BlackElo "2589"]
[EventDate "2004.10.15"]

1. d4 d5 2. Nf3 c6 3. c4 Nf6 4. Nc3 a6 5. cxd5 cxd5 6. Bf4 Nc6 7. Rc1 Bf5
8. e3 Ne4 9. Bd3 Nxc3 10. bxc3 Bxd3 11. Qxd3 e6 12. O-O Na5 13. Nd2 b5 14.
a4 bxa4 15. e4 Bd6 16. Bxd6 Qxd6 17. exd5 Qxd5 18. c4 Qd7 19. Qa3 f6 20.
Ne4 Nb3 21. Nd6+ Ke7 22. Nb7+ Kf7 23. Nd6+ Ke7 24. Nb7+ Kf7 25. Nd6+ Ke7
1/2-1/2